000 00759cab a2200229 4500
001 WB3206-57
008 090401t1996 xxu||||| |||| 00| 0 eng d
035 _a(Sirsi) u21431
041 _aeng
245 _aRICS urged to act fast
260 _c1996
350 _a0
490 _aProperty Week
_v54(6) 8 February 1996, 8(1)
520 _aSimon Pott, president of the RICS, has urged the institution to embrace new disciplines such as facilities management. A working party will present its recommendations in April.
650 _aABOUT RICS-RICS MEMBERS
650 _aFACILITIES MANAGEMENT
_96240
650 _aRICS
650 _aSPECIALISMS
690 _aMANAGEMENT-BUSINESS MANAGEMENT-PROFESSIONAL PRACTICE
942 _n0
948 _c04/03/1997
999 _c14387
_d14387